[Event "Wch Seniors (Women)"]
[Site "Opatija"]
[Date "2013.11.22"]
[Round "9"]
[White "Beliaeva, Natalia"]
[Black "Korneeva, Tamara"]
[Result "1-0"]
[WhiteElo "2027"]
[BlackElo "1757"]
[PlyCount "63"]
[EventDate "2013.11.12"]
[EventType "swiss"]
[EventRounds "9"]
[EventCountry "CRO"]
[SourceTitle "CBM 157 Extra"]
[Source "ChessBase"]
[SourceDate "2013.12.19"]
[SourceVersion "1"]
[SourceVersionDate "2013.12.19"]
[SourceQuality "1"]

1. d4 Nf6 2. c4 e6 3. a3 c6 4. Nf3 g6 5. Nc3 d5 6. Bg5 Bg7 7. e4 Qc7 8. e5 Nfd7 9. Rc1 Nb6 10. cxd5 exd5 11. Nb5 Qd7 12. Nd6+ Kf8 13. Qd2 Nc4 14. Bxc4 dxc4 15. Rxc4 b5 16. Rc2 a5 17. 0-0 Ra7 18. Rfc1 h6 19. Be3 Kg8 20. Nxb5 cxb5 21. Rxc8+ Kh7 22. Rxh8+ Kxh8 23. Bxh6 Rc7 24. Bxg7+ Kxg7 25. h3 Rxc1+ 26. Qxc1 Qd5 27. Qf4 Nd7 28. Ng5 b4 29. axb4 axb4 30. h4 Kg8 31. e6 fxe6 32. Qf7+ 1-0

[Event "Wch Seniors (Women) 22nd"]
[Site "Kamena Vourla"]
[Date "2012.11.22"]
[Round "9"]
[White "Hoose, Hannelore"]
[Black "Korneeva, Tamara"]
[Result "1-0"]
[WhiteElo "1750"]
[BlackElo "1808"]
[PlyCount "151"]
[EventDate "2012.11.13"]
[EventType "swiss"]
[EventRounds "11"]
[EventCountry "GRE"]
[SourceTitle "CBM 151 Extra"]
[Source "ChessBase"]
[SourceDate "2012.12.18"]
[SourceVersion "1"]
[SourceVersionDate "2012.12.18"]
[SourceQuality "1"]

1. e4 d6 2. d4 g6 3. Bd3 Bg7 4. Nf3 Nf6 5. 0-0 0-0 6. c3 b6 7. Re1 Bb7 8. Nbd2 e6 9. Nf1 Nbd7 10. Ng3 Ne8 11. Bg5 f6 12. Be3 e5 13. Bc4+ Kh8 14. Rc1 c6 15. d5 cxd5 16. Bxd5 Bxd5 17. Qxd5 Nc5 18. Red1 Nc7 19. Qxd6 Qxd6 20. Rxd6 N5e6 21. Ne1 Rfd8 22. Rcd1 Rxd6 23. Rxd6 Bf8 24. Rd2 Bc5 25. Bxc5 Nxc5 26. f3 Re8 27. Kf2 Re7 28. h4 Kg7 29. h5 N7e6 30. Nc2 Nf4 31. hxg6 hxg6 32. Ne3 Nce6 33. Ne2 Nxe2 34. Kxe2 Nc5 35. Kf2 Rb7 36. Nc4 Kh6 37. Ne3 Rf7 38. g4 Kg7 39. Nc4 Kh7 40. Ne3 Ne6 41. Kg3 Kg8 42. Rd6 Nc5 43. Rd8+ Kg7 44. Rd2 Kg8 45. Nd5 Kg7 46. Nb4 f5 47. exf5 gxf5 48. gxf5 Rxf5 49. Re2 Rg5+ 50. Kh3 Ne6 51. Nd3 Kf6 52. Re4 Rf5 53. Kg3 Ng5 54. Re3 Nf7 55. f4 exf4+ 56. Nxf4 Nd8 57. Nd3 Nc6 58. Rf3 Ke6 59. Rxf5 Kxf5 60. Kf3 Ke6 61. Ke4 Kd6 62. a4 Na5 63. Kd4 Nc6+ 64. Kc4 a6 65. b4 Na7 66. Nf2 b5+ 67. axb5 axb5+ 68. Kd3 Kd5 69. Ng4 Nc6 70. Ne3+ Ke5 71. Nc2 Kf4 72. Na3 Na7 73. Kd4 Kf3 74. Kc5 Ke3 75. Nxb5 Nxb5 76. Kxb5 1-0

[Event "Wch Seniors (Women) 22nd"]
[Site "Kamena Vourla"]
[Date "2012.11.19"]
[Round "7"]
[White "Korneeva, Tamara"]
[Black "Tsygankova, Enni"]
[Result "0-1"]
[WhiteElo "1808"]
[BlackElo "1843"]
[PlyCount "90"]
[EventDate "2012.11.13"]
[EventType "swiss"]
[EventRounds "11"]
[EventCountry "GRE"]
[SourceTitle "CBM 151 Extra"]
[Source "ChessBase"]
[SourceDate "2012.12.18"]
[SourceVersion "1"]
[SourceVersionDate "2012.12.18"]
[SourceQuality "1"]

1. c4 c5 2. Nf3 Nf6 3. Nc3 g6 4. g3 Nc6 5. a3 Bg7 6. Bg2 d6 7. 0-0 Bd7 8. e3 Qc8 9. d3 Bh3 10. Rb1 Bxg2 11. Kxg2 0-0 12. Qe1 Nd7 13. b4 Nce5 14. Qe2 Nxf3 15. Nd1 Nfe5 16. b5 Nf6 17. e4 b6 18. f4 Ned7 19. f5 Ne5 20. fxg6 fxg6 21. Ne3 Neg4 22. Nc2 Ne5 23. h3 e6 24. Bf4 Nh5 25. Be3 Rxf1 26. Rxf1 Qd7 27. g4 Nf6 28. d4 cxd4 29. Bxd4 Qb7 30. Re1 Ned7 31. Kh2 Nc5 32. e5 dxe5 33. Bxe5 Rf8 34. Bd6 Re8 35. Ne3 Nfe4 36. Ng2 Nxd6 37. Nf4 Rf8 38. Nxe6 Re8 39. Qd1 Nde4 40. Nxg7 Qxg7 41. Qd5+ Qf7 42. Rf1 Qxd5 43. cxd5 Rf8 44. Rc1 Rf2+ 45. Kg1 Rd2 0-1

[Event "Wch Seniors (Women) 22nd"]
[Site "Kamena Vourla"]
[Date "2012.11.17"]
[Round "5"]
[White "Korneeva, Tamara"]
[Black "Kierzek, Mira"]
[Result "0-1"]
[WhiteElo "1808"]
[BlackElo "2010"]
[PlyCount "88"]
[EventDate "2012.11.13"]
[EventType "swiss"]
[EventRounds "11"]
[EventCountry "GRE"]
[SourceTitle "CBM 151 Extra"]
[Source "ChessBase"]
[SourceDate "2012.12.18"]
[SourceVersion "1"]
[SourceVersionDate "2012.12.18"]
[SourceQuality "1"]

1. d4 Nf6 2. Nf3 e6 3. g3 d5 4. Bg5 Be7 5. Bg2 0-0 6. 0-0 h6 7. Bd2 c5 8. c3 Nc6 9. a3 Qb6 10. Bc1 a5 11. Nbd2 cxd4 12. c4 dxc4 13. Nxc4 Qc5 14. Ncd2 e5 15. Nb3 Qb6 16. e3 a4 17. Nbd2 dxe3 18. Nc4 exf2+ 19. Kh1 Qc5 20. Qe2 e4 21. Nfd2 Nd4 22. Qxf2 Ng4 23. Qg1 e3 24. Nxe3 Ne2 25. Ne4 Qa7 26. Nxg4 Nxg1 27. Nxh6+ gxh6 28. Rxg1 Kg7 29. Bd2 f6 30. Bc3 Bd7 31. Rad1 Bc6 32. Bd4 Qa5 33. Bc3 Qh5 34. Nf2 Bxg2+ 35. Rxg2 Rad8 36. Re1 Bc5 37. Ne4 Rd1 38. Nxc5 Rxe1+ 39. Bxe1 Qxc5 40. Bb4 Qc1+ 41. Rg1 Qc6+ 42. Rg2 Rd8 43. h4 Qf3 44. Kh2 Rd1 0-1

[Event "EU-ch Seniors 06th"]
[Site "Davos"]
[Date "2006.08.13"]
[Round "9"]
[White "Scholz, Herbert"]
[Black "Korneeva, Tamara"]
[Result "1-0"]
[WhiteElo "1991"]
[BlackElo "1836"]
[PlyCount "91"]
[EventDate "2006.08.05"]
[EventType "swiss"]
[EventRounds "9"]
[EventCountry "SUI"]
[SourceTitle "CBM 113 Extra"]
[Source "ChessBase"]
[SourceDate "2006.09.14"]
[SourceVersion "1"]
[SourceVersionDate "2006.09.14"]
[SourceQuality "1"]

1. d4 Nf6 2. Bg5 g6 3. Bxf6 exf6 4. e3 Bg7 5. c4 c6 6. Ne2 d6 7. g3 Bg4 8. Bg2 0-0 9. 0-0 Bh5 10. Nbc3 g5 11. b4 f5 12. a4 Nd7 13. b5 Qc7 14. Qb3 c5 15. Nd5 Qd8 16. Ra2 Bxe2 17. Rxe2 cxd4 18. exd4 Bxd4 19. Ne7+ Kh8 20. Nxf5 Nc5 21. Qd1 Be5 22. Rd2 Qf6 23. Nxd6 Rab8 24. Rd5 Bxd6 25. Rxd6 Qg7 26. Qd5 Nxa4 27. c5 Rbc8 28. c6 Nb6 29. Qa2 bxc6 30. Qxa7 Nc4 31. Rxc6 Rxc6 32. bxc6 Qe5 33. Qa4 Nb6 34. Qb4 Rb8 35. Re1 Qc7 36. Re7 Nd7 37. Qd4+ Kg8 38. Qxd7 Qxd7 39. Rxd7 Rc8 40. Bd5 h6 41. Rxf7 Kh8 42. c7 Re8 43. Rd7 Re1+ 44. Kg2 Rc1 45. Rd8+ Kg7 46. c8Q 1-0

[Event "EU-ch Seniors 06th"]
[Site "Davos"]
[Date "2006.08.09"]
[Round "5"]
[White "Korneeva, Tamara"]
[Black "Schmieder, Horst"]
[Result "1-0"]
[WhiteElo "1836"]
[BlackElo "1777"]
[PlyCount "157"]
[EventDate "2006.08.05"]
[EventType "swiss"]
[EventRounds "9"]
[EventCountry "SUI"]
[SourceTitle "CBM 113 Extra"]
[Source "ChessBase"]
[SourceDate "2006.09.14"]
[SourceVersion "1"]
[SourceVersionDate "2006.09.14"]
[SourceQuality "1"]

1. d4 d5 2. Nf3 Nf6 3. Nbd2 e6 4. a4 a5 5. g3 b6 6. Bg2 Bd6 7. c4 c6 8. b3 Bb7 9. Bb2 Nbd7 10. Rc1 Rc8 11. 0-0 0-0 12. Qc2 h6 13. Ne5 Bxe5 14. dxe5 Nh7 15. Qb1 f6 16. exf6 Ndxf6 17. cxd5 cxd5 18. Qg6 Qe8 19. Qd3 Qf7 20. Bd4 Nd7 21. e4 Rxc1 22. Rxc1 e5 23. Be3 d4 24. Bxd4 exd4 25. Qxd4 Nc5 26. Qe3 Ng5 27. f4 Nge6 28. Nc4 Qc7 29. Ne5 Rd8 30. h4 Ba6 31. Bh3 Nd4 32. Nc4 Ndxb3 33. Rc2 Bxc4 34. Rxc4 Kh8 35. Qxb3 Nxb3 36. Rxc7 Nc5 37. e5 Kg8 38. Bf5 Nxa4 39. e6 Nc5 40. e7 Re8 41. Bg6 Ne6 42. Ra7 Rxe7 43. Rxe7 Nf8 44. Bd3 a4 45. Re8 Kf7 46. Ra8 Ne6 47. Rxa4 Nc5 48. Bc4+ Kf6 49. Rb4 Nd7 50. Kg2 Ke7 51. Rb3 Kd6 52. Bf7 Kc7 53. Re3 Nc5 54. Rc3 Kd6 55. Kh3 b5 56. Re3 b4 57. Bc4 Kd7 58. h5 Kd6 59. g4 Kd7 60. g5 Kd6 61. Kh4 Nd7 62. Re6+ Kc5 63. Bb3 Nf8 64. Re8 Nd7 65. Re7 hxg5+ 66. fxg5 Kd6 67. Rxg7 Ne5 68. Ra7 Nf3+ 69. Kg4 Nd4 70. Ba4 Kc5 71. h6 Kb6 72. Rd7 Ka5 73. Rxd4 Kxa4 74. Rd8 b3 75. h7 Ka3 76. h8Q b2 77. Rb8 b1Q 78. Rxb1 Ka4 79. Qa1# 1-0

[Event "EU-ch Seniors 06th"]
[Site "Davos"]
[Date "2006.08.06"]
[Round "2"]
[White "Kuznetsova, Luba"]
[Black "Korneeva, Tamara"]
[Result "1-0"]
[WhiteElo "2043"]
[BlackElo "1836"]
[PlyCount "59"]
[EventDate "2006.08.05"]
[EventType "swiss"]
[EventRounds "9"]
[EventCountry "SUI"]
[SourceTitle "CBM 113 Extra"]
[Source "ChessBase"]
[SourceDate "2006.09.14"]
[SourceVersion "1"]
[SourceVersionDate "2006.09.14"]
[SourceQuality "1"]

1. Nf3 Nf6 2. c4 e6 3. g3 c6 4. Bg2 d5 5. b3 b5 6. Bb2 Nbd7 7. 0-0 Bd6 8. Qc2 0-0 9. cxb5 cxb5 10. Qc6 Nb6 11. Qxb5 Bd7 12. Qd3 Rc8 13. Na3 Ne4 14. Rac1 f6 15. Qb1 Qe7 16. Nc2 e5 17. Ne3 Nc5 18. d4 Ne4 19. Nxd5 Nxd5 20. Qxe4 Nb4 21. dxe5 Nxa2 22. Rxc8 Bxc8 23. Qd5+ Be6 24. Qxd6 Qxd6 25. exd6 Bxb3 26. Nd4 Bf7 27. Nc6 a6 28. d7 Bc4 29. d8Q Kf7 30. Bd5+ 1-0